La inconstitucionalidad de las leyes en los Estados Unidos

I tiakina i:
Ngā taipitopito rārangi puna kōrero
Kaituhi matua: Cárdenas, Raúl de (Author)
Hōputu: Pukapuka
Reo:Pāniora
I whakaputaina: La Habana Jesús Montero 1943
Rangatū:Biblioteca Jurídica de Autores Cubanos y Extranjeros, 75
Ngā marau:
Ngā Tūtohu: Tāpirihia he Tūtohu
Kāore He Tūtohu, Me noho koe te mea tuatahi ki te tūtohu i tēnei pūkete!

MARC

LEADER 00000nam a2200000 a 4500
001 UCT9629
003 CL-VaPUC
008 970411e19430000CU |||||||||||||||||spa|d
082 0 4 |a 342.03  |b CAR  |2 21 
100 0 |a Cárdenas, Raúl de  |e author  |9 382502 
245 1 3 |a La inconstitucionalidad de las leyes en los Estados Unidos 
300 |a 248 p 
942 |c BK 
945 |d 19970411 00:00:00  |a paguirre 
260 |a La Habana  |b Jesús Montero  |c 1943 
650 7 |a LEY  |2 CL-VaPUC  |9 382503 
650 0 |a Derecho constitucional   |9 222588 
650 0 |a Constituciones  |9 255417 
650 0 |a Reformas constitucionales   |9 255169 
650 0 |a Jurisprudencia  |9 255952 
650 0 |a Derecho comercial   |9 256340 
650 0 |a Obligaciones   |9 255578 
650 0 |a Derecho civil  |9 255013 
651 0 |a Estados Unidos  |9 255178 
583 |a last modification  |c 19970411 00:00:00  |k Rodrigo Vera 
490 0 |a Biblioteca Jurídica de Autores Cubanos y Extranjeros, 75 
999 |c 258010  |d 258008 
952 |0 0  |1 0  |4 0  |6 342_030000000000000_CAR_1943  |7 0  |8 A  |9 281750  |a BIBDER  |b BIBDER  |d 2019-11-19  |i 1826883  |o 342.03 CAR 1943  |p 1826883  |r 2023-01-25  |w 2019-11-19  |y BK  |k DER